| 000 | 00380nam a2200157Ia 4500 | ||
|---|---|---|---|
| 008 | 230917s9999||||xx |||||||||||||| ||und|| | ||
| 040 |
_e136752 _aMAIN |
||
| 041 | _aEnglish | ||
| 082 | _a346.022 M91I | ||
| 100 | _aMulla, D.F | ||
| 245 | 0 | _aMulla on Indian contract act | |
| 250 | _a11th ed. | ||
| 260 |
_aLondon _bLexis Nexis _c2006 |
||
| 300 | _aliii, 340p p. | ||
| 942 | _cBK | ||
| 999 |
_c144604 _d144604 |
||